German Words - Sudden Death - Statistics

General Stats
  • This quiz has been taken 185 times
  • The average score is 5 of 15
Answers on the Grid
Answers color-coded by a green-red scale on the quiz's grid according to % correct below.
käfigen
abdruck
rußig
Humus
alsdann
launen
Ehren
mäuler
fühlst
empörst
Mädel
räubers
Gemüse
die
abwägt
umarmtea
eöhren
pörkten
Ewurds
Ükelud
schöwe
trowüd
Tshenn
troye
wiefor
Watter
possem
Taubol
obwhol
maschue
 
Answer Stats
Answer % Correct
die
69%
Gemüse
56%
fühlst
46%
Ehren
37%
Mädel
36%
rußig
33%
abwägt
31%
mäuler
30%
abdruck
28%
käfigen
26%
launen
24%
Humus
20%
alsdann
19%
empörst
16%
räubers
14%
No matching quizzes found
Score Distribution
Percent of People with Each Score
Percentile by Number Answered
Your Score History
You have not taken this quiz